Исследование галогенирующей активности новых N-бром и N-иод имидов синтез органических люминофоров: автореферат диссертации на соискание ученой степени кандидата химических наук; спец. 02.00.03

Bibliografiska uppgifter
Huvudupphovsman: Нгуен Хай Минь
Institutionell upphovsman: Национальный исследовательский Томский политехнический университет (ТПУ)
Övriga upphovsmän: Чайковский В. К. Витольд Казимирович (научный руководитель)
Sammanfattning:Заглавие с титульного экрана
Электронная версия печатной публикации
Språk:ryska
Publicerad: Томск, 2013
Ämnen:
Länkar:http://www.lib.tpu.ru/fulltext/a/2013/77.pdf
Materialtyp: Elektronisk Bok
KOHA link:https://koha.lib.tpu.ru/cgi-bin/koha/opac-detail.pl?biblionumber=245174

MARC

LEADER 00000nlm0a2200000 4500
001 245174
005 20231101232116.0
035 |a (RuTPU)RU\TPU\book\266580 
090 |a 245174 
100 |a 20131106d2013 k y0rusy50 ca 
101 0 |a rus 
102 |a RU 
105 |a a dm 001zy 
135 |a drcn ---uucaa 
181 0 |a i  
182 0 |a b 
200 1 |a Исследование галогенирующей активности новых N-бром и N-иод имидов синтез органических люминофоров  |b Электронный ресурс  |e автореферат диссертации на соискание ученой степени кандидата химических наук  |e спец. 02.00.03  |f Нгуен Хай Минь  |g Национальный исследовательский Томский политехнический университет (ТПУ) ; науч. рук. В. К. Чайковский 
203 |a Текст  |c электронный 
210 |a Томск  |d 2013 
215 |a 1 файл (902 Kb) 
230 |a Электронные текстовые данные (1 файл : 902 Kb) 
300 |a Заглавие с титульного экрана 
300 |a Электронная версия печатной публикации 
337 |a Adobe Reader 
452 1 |0 (RuTPU)RU\TPU\book\270196  |t Исследование галогенирующей активности новых N-бром и N-иод имидов синтез органических люминофоров  |o автореферат диссертации на соискание ученой степени кандидата химических наук  |o спец. 02.00.03  |f Нгуен Хай Минь  |g Национальный исследовательский Томский политехнический университет (ТПУ) ; науч. рук. В. К. Чайковский  |c Томск  |d 2013  |p 21 с. 
606 1 |a Люминесцентные материалы  |2 stltpush  |3 (RuTPU)RU\TPU\subj\31901  |9 54627 
610 1 |a авторефераты диссертаций 
610 1 |a электронный ресурс 
610 1 |a труды учёных ТПУ 
610 1 |a бензоксазолы 
610 1 |a бензимидазолы 
610 1 |a синтез 
610 1 |a карбоциклические соединения 
610 1 |a иодпроизводные ароматические соединения 
610 1 |a органические люминофоры 
675 |a 661.143(04)  |v 3 
686 |a 02.00.03  |2 oksvnk 
700 0 |a Нгуен Хай Минь  |c вьетнамский химик  |c аспирант Томского политехнического университета  |f 1986-  |2 stltpush  |3 (RuTPU)RU\TPU\pers\27918 
702 1 |a Чайковский  |b В. К.  |c российский химик  |c профессор Томского политехнического университета, доктор химических наук  |f 1951-  |g Витольд Казимирович  |2 stltpush  |3 (RuTPU)RU\TPU\pers\23185  |4 727 
712 0 2 |a Национальный исследовательский Томский политехнический университет (ТПУ)  |c (2009- )  |2 stltpush  |3 (RuTPU)RU\TPU\col\15902 
801 2 |a RU  |b 63413507  |c 20140317  |g PSBO 
856 4 |u http://www.lib.tpu.ru/fulltext/a/2013/77.pdf 
942 |c CF